Central Library OPAC University of Rajshahi

A textbook of organic chemistry / (Record no. 73709)

MARC details
000 -LEADER
fixed length control field 00775nam a2200241 a 4500
001 - CONTROL NUMBER
control field 73709
003 - CONTROL NUMBER IDENTIFIER
rucl marc code BD-RjUL
005 - DATE AND TIME OF LATEST TRANSACTION
control field 20211209082433.0
008 - FIXED-LENGTH DATA ELEMENTS--GENERAL INFORMATION
fixed length control field 170607r19441941enk b 001 0 eng d
035 ## - SYSTEM CONTROL NUMBER
System control number (BD-RjUL)73927
040 ## - CATALOGING SOURCE
Original cataloging agency MTH
Transcribing agency MTH
Modifying agency OCL
-- MYG
-- BD-RjUL
Language of cataloging eng
041 1# - LANGUAGE CODE
Language code of text/sound track or separate title eng
Language code of original ger
082 ## - DEWEY DECIMAL CLASSIFICATION NUMBER
Edition number 23
Classification number 547
Author mark and year BET 1944
090 ## - LOCALLY ASSIGNED LC-TYPE CALL NUMBER (OCLC); LOCAL CALL NUMBER (OCLC)
Classification number (OCLC) (R) ; Classification number, CALL (RLIN) (NR) QD251.B47x 1894
100 1# - MAIN ENTRY--PERSONAL NAME
Personal name Bernthsen, A.
Fuller form of name (August),
Dates associated with a name 1855-
9 (RLIN) 218191
245 12 - TITLE STATEMENT
Title A textbook of organic chemistry /
Statement of responsibility, etc. A. Bernthsen ; revised by J. J. Sudborough .
250 ## - EDITION STATEMENT
Edition statement New and enl. ed.
260 ## - PUBLICATION, DISTRIBUTION, ETC. (IMPRINT)
Place of publication, distribution, etc. London :
Name of publisher, distributor, etc. Blackie & sons,
Date of publication, distribution, etc. 1941 [reprinted 1944]
300 ## - PHYSICAL DESCRIPTION
Pagination xix, 1371 p. ;
Illustrations ill. ;
Size 19 cm.
504 ## - BIBLIOGRAPHY, ETC. NOTE
Bibliography, etc Includes bibliographical references and index.
650 #0 - SUBJECT ADDED ENTRY--TOPICAL TERM
Topical term or geographic name as entry element Chemistry, Organic.
9 (RLIN) 218192
942 ## - ADDED ENTRY ELEMENTS (KOHA)
Source of classification or shelving scheme Dewey Decimal Classification
Koha item type Books
Holdings
Lost status Source of classification or shelving scheme Damaged status Not for loan Collection code Permanent Location Current Location Shelving location Date acquired Source of acquisition Cost, normal purchase price Total Checkouts Full call number Date last seen Copy number Koha item type
  Dewey Decimal Classification   Not For Loan Non-fiction Central Library, University of Rajshahi Central Library, University of Rajshahi Reading Room 11/05/1976 BNBC 0.00   547 BET 1944 07/06/2017 C-1 Books
  Dewey Decimal Classification     Non-fiction Central Library, University of Rajshahi Central Library, University of Rajshahi   09/12/2021 Australia     547 BET 1944 05/12/2018 C-2 Books